000 01078cab a2200301 4500
001 ABS50236
008 090401t1994 xxu||||| |||| 00| 0 eng d
035 _a(Sirsi) u74751
041 _aeng
100 _aDavies, L.
245 _aConsultants face increased liability
260 _c1994
350 _a0
490 _aBuilding
_v259(7835) 18 March 1994, 30-31(2)
520 _aDiscusses "Wessex Regional Health Authority v HLM Design and others" 1994 which found that an architect and engineer engaged under standard terms of appointment by an employer in the context of a building contract let under JCT 80 owed the employer concurrent duties of care in contract and in tort to avoid and prevent financial loss.
650 _aARCHITECTS
650 _aDUTY OF CARE
650 _aENGINEERS
650 _aFINANCIAL LOSS
650 _aLAW OF CONTRACT
650 _aLAW OF TORT
650 _aLIABILITY
650 _aNEGLIGENCE
690 _aBUILT ENVIRONMENT-BUILDING CONTRACT FORMS
690 _aPROFESSIONAL PRACTICE
942 _n0
948 _c04/03/1997
999 _c47098
_d47098